| 000 | 01145nam a2200289 i 4500 | ||
|---|---|---|---|
| 001 | 70608 | ||
| 003 | ES-MaACL | ||
| 005 | 20250808012601.0 | ||
| 007 | t| | ||
| 008 | 040728e1944 sp ||||1| spa d | ||
| 080 | _a929 Cervantes Saavedra, Miguel de | ||
| 100 | 1 |
_aGarciasol, Ramón de, _d1913-1994 _9236221 _eaut |
|
| 245 | 1 | 0 |
_aVida heroica de Miguel de Cervantes / _cRamón de Garciasol (seud.). |
| 260 |
_a[Madrid] : _bEditorial Nacional, _c1944 |
||
| 300 |
_a272 páginas ; _c17 cm. |
||
| 490 | 1 |
_aBreviarios de la vida española ; _v10 |
|
| 500 | _aAnotaciones sueltas | ||
| 600 | 1 | 4 |
_937596 _aCervantes Saavedra, Miguel de, _d1547-1616- _xBiografías |
| 655 | 0 |
_aNovelas _9234319 |
|
| 830 | 0 |
_aBreviarios de la vida española _9180821 |
|
| 852 |
_aES-MaACL _jB-10148 _bR.21199 _973246 _cSPB |
||
| 852 |
_aES-MaACL _jBUE-608 _9202199 _cDEPO2 _gAnotación manuscrita del autor, Ramón de Garciasol, para Antonio Buero Vallejo en portada: "Antonio Buero". _hLegado: Antonio Buero Vallejo |
||
| 903 |
_932421 _aBuero Vallejo, Antonio, _q1 _d1916-2000 _ednr |
||
| 942 |
_2udc _cMONOGRAFIA _n0 |
||
| 999 |
_c70608 _d70608 |
||